<?xml version="1.0" encoding="UTF-8"?>
<marc:record xmlns:marc="http://www.loc.gov/MARC21/slim">
   <marc:leader>00000nam a2200000 a 4500</marc:leader>
   <marc:datafield ind1="1" ind2=" " tag="100">
      <marc:subfield code="a">Löffel-Schröder, Bärbel</marc:subfield>
      <marc:subfield code="4">aut</marc:subfield>
      <marc:subfield code="e">Verfasser/-in</marc:subfield>
   </marc:datafield>
   <marc:datafield ind1=" " ind2=" " tag="653">
      <marc:subfield code="a">Mädchen</marc:subfield>
   </marc:datafield>
   <marc:datafield ind1=" " ind2=" " tag="653">
      <marc:subfield code="a">Schulanfang</marc:subfield>
   </marc:datafield>
   <marc:datafield ind1=" " ind2=" " tag="653">
      <marc:subfield code="a">Glaube</marc:subfield>
   </marc:datafield>
   <marc:datafield ind1=" " ind2=" " tag="653">
      <marc:subfield code="a">Kinderbuch</marc:subfield>
   </marc:datafield>
   <marc:datafield ind1=" " ind2=" " tag="653">
      <marc:subfield code="a">Kinderbücher bis 11 Jahre</marc:subfield>
   </marc:datafield>
   <marc:datafield ind1="0" ind2="0" tag="245">
      <marc:subfield code="a">Marie wird bald ein Schulkind</marc:subfield>
   </marc:datafield>
   <marc:datafield ind1="0" ind2="0" tag="245">
      <marc:subfield code="b">Starkmachgeschichten für den Schulanfang</marc:subfield>
   </marc:datafield>
   <marc:datafield ind1="0" ind2="0" tag="245">
      <marc:subfield code="c">Bärbel Löffel-Schröder ; mit Illustrationen von Irina Kleinmann</marc:subfield>
   </marc:datafield>
   <marc:datafield ind1=" " ind2="1" tag="264">
      <marc:subfield code="a">Asslar</marc:subfield>
      <marc:subfield code="b">Gerth Medien</marc:subfield>
      <marc:subfield code="c">2016</marc:subfield>
   </marc:datafield>
   <marc:datafield ind1=" " ind2=" " tag="250">
      <marc:subfield code="a">1. Auflage</marc:subfield>
   </marc:datafield>
   <marc:datafield ind1="1" ind2=" " tag="520">
      <marc:subfield code="a">Angaben aus der Verlagsmeldung

Marie wird bald ein Schulkind : Starkmachgeschichten für den Schulanfang.

Marie gehört zu den Vorschulkindern im Kindergarten. Sie freut sich schon sehr darauf, bald zur Schule zu gehen. Aber es ist auch ganz schön aufregend. Als Marie Lehrerin im Kindergarten spielt, will Anton nicht auf sie hören. Und als sie zu Besuch in der Schule ist, hat Livia plötzlich viel schönere Schulsachen als Marie. Viele Fragen bewegen sie: Muss sie eigentlich alles gut können, wenn sie bald in die Schule kommt? Und was ist, wenn jemand sie ärgert? Wie gut, dass Marie Freunde hat, die ihr helfen. Und vor allem ist ihr bester Freund da, Jesus. Er wird auch an jedem Schultag bei ihr sein.

Ein ideales Buch für Kinder im Vorschulalter. Mit zahlreichen Illustrationen.
</marc:subfield>
   </marc:datafield>
   <marc:datafield ind1=" " ind2=" " tag="020">
      <marc:subfield code="a">9783957341556</marc:subfield>
      <marc:subfield code="9">9783957341556</marc:subfield>
   </marc:datafield>
   <marc:datafield ind1=" " ind2=" " tag="020">
      <marc:subfield code="a">3957341558</marc:subfield>
      <marc:subfield code="9">3957341558</marc:subfield>
   </marc:datafield>
   <marc:datafield ind1=" " ind2=" " tag="041">
      <marc:subfield code="a">ger</marc:subfield>
   </marc:datafield>
   <marc:datafield ind1=" " ind2=" " tag="300">
      <marc:subfield code="a">121 Seiten</marc:subfield>
   </marc:datafield>
</marc:record>
